Responses for Show #2805 - Friday, November 8, 1996

Last show in 1991-1996 set.

Contestants

[<< previous game]

Sasha Volokh, a policy analyst originally from Kiev, Ukraine

Susan Giannetto, a legal secretary from San Francisco, California

Marv Macintyre, a development director from Nashua, New Hampshire (whose 2-day cash winnings total $21,900)

[next game >>]

Jeopardy! Round responses

U.S. STATES
DAYS OF THE WEEK
FOOD
MUSIC '96
CHEMISTRY
WILDE LINES
    $100 1
Louisiana

Sasha
    $100 3
Monday

Susan
    $100 19
apple

Sasha
    $100 13
The X-Files

Marv
    $100 12
[ERRATUM: The element should have been Cl.]
(Sasha: What is [*]?)
(Marv: What is [**]?)
[Alex acknowledged the error heading into the first break and Sasha's score was adjusted after the break.]

carbon (chlorine)

MarvSasha
    $100 6
Paris

Marv
    $200 2
New York

Susan
    $200 4
Sunday

Susan
    $200 21
rice

Susan
    $200 14
Prince

Sasha
    $200 28
[The end-of-round signal sounds.]

cobalt

Sasha
    $200 11
(Marv: What is...getting what you want?)

getting it

MarvSasha
    $300 7
Nevada

Susan
    $300 5
Tuesday

Sasha
    $300 22
(Susan: What is chicken?)
...
(Alex: We've got about a minute to go.)

ducks

MarvSusan
    $300 16
Michael Jackson

Marv
    $300 27
(Susan: What is coal?)

rubber

Susan
Triple Stumper
    $300 20
George Bernard Shaw

Marv
    $500 8
(Susan: Hmmm...What is...Nevada?)

New Mexico

Susan
    $400 10
Wednesday

Sasha
    $400 23
clam

Susan
    $400 17
Hootie & the Blowfish

Marv
    $400 26
(Susan: What are the neutrons?)

electrons

MarvSusan
    $500 9
(Marv: What is...West Virginia?)
(Sasha: What is Ohio?)

Delaware

MarvSasha
Triple Stumper
    $500 15
(Sasha: What is Saturday?)

Friday

MarvSasha
    $500 24
grapes

Marv
    $500 18
Sex Pistols

Marv
    $500 25
Krebs

Triple Stumper

Scores at the first commercial break (after clue 13):

Marv Susan Sasha
-$400 $300 $600

Scores at the end of the Jeopardy! Round:

Marv Susan Sasha
$2,800 -$100 $600

Double Jeopardy! Round responses

HISTORIANS
INSECTS
ARTISTS
ASIAN CITIES
GOVERNMENT & POLITICS
THEY ALMOST STARRED IN...
    $200 14
Pulitzer

Sasha
    $200 3
legs

Marv
    $200 1
Michelangelo

Susan
    $200 15
Virginia

Sasha
    $200 9
Sunset Boulevard

Susan
    $400 27
United States Navy

Marv
    $400 4
mosquito

Marv
    $400 2
clouds

Marv
    $400 16
EPA (Environment Protection Agency)

Marv
    $400 10
From Here to Eternity

Susan
    $600 28
[The end-of-round signal sounds.]

Constantinople

Marv
    $600 5
pupa

Susan
    $600 6
Diego Rivera

Susan
    $600 22
(Alex: Yes, and we have a minute to go.)

Singapore

Sasha
    $600 19
Department of Commerce

Sasha
    $600 11
(Marv: What is...)

Rosemary's Baby

Marv
Triple Stumper
    $800 25
(Will) Durant

Susan
    $800 17
scarabs

Susan
    $800 7
(Georges) Seurat

Susan
    $800 23
Shanghai

Sasha
    $800 20
General Services Administration

Marv
    $1,000 12
(Susan: Hmmm...I can think of the other actors, but not the name of the film.)

Terms of Endearment

Susan
    $1000 26
(Edward) Gibbon

Marv
    $1000 18
aphids

Sasha
    $1000 8
(Jacques-Louis) David

Susan
    $1000 24
Vladivostok

Sasha
    $2,000 21
(1 of) Sandra Day O'Connor (or Chief Justice Rehnquist)

Marv
    $1000 13
(Susan: What is Melanie?)

Belle Watling

Susan
Triple Stumper

Scores at the end of the Double Jeopardy! Round:

Marv Susan Sasha
$8,400 $3,300 $5,000

[wagering suggestions for these scores]

Final Jeopardy! Round responses

AIRPLANES
SusanWhat is Siemens?
$1,700
SashaWhat is Krupps?
$1,801
MarvWhat D'Havolin
$1,601
Fokker

Final scores:

Marv Susan Sasha
$6,799 $1,600 $3,199
3-day champion: $28,699 3rd place: Motorola cellular phone + Crossword Companion roll-a-puzzle system 2nd place: Dynamark Security Centers wireless home security system & Hammerman gold broaches with sapphire eyes + Crossword Companion roll-a-puzzle system

Game dynamics:

Coryat scores:

Marv Susan Sasha
$7,400 $4,800 $5,000
20 R
(including 1 DD),
3 W
15 R,
6 W
(including 2 DDs)
15 R,
2 W

Combined Coryat: $17,200

[game clues] [game scores] [suggest correction]

Game tape date: 1996-09-04
The J! Archive is created by fans, for fans. Scraping, republication, monetization, and malicious use prohibited; this site may use cookies and collect identifying information. See terms. The Jeopardy! game show and all elements thereof, including but not limited to copyright and trademark thereto, are the property of Jeopardy Productions, Inc. and are protected under law. This website is not affiliated with, sponsored by, or operated by Jeopardy Productions, Inc. Join the discussion at JBoard.tv.